| 000 | 01131 a2200241 4500 | ||
|---|---|---|---|
| 999 |
_c8018 _d8018 |
||
| 020 | _a9780199581566 (pbk.) | ||
| 050 | 0 | 0 | _aML3830 MUS 2011 |
| 245 | 0 | 0 |
_aMusic and the mind : _bessays in honour of John Sloboda / _cedited by Irn̈e Delig̈e, Jane W. Davidson. |
| 264 |
_aOxford : _bOxford University Press _c2011 |
||
| 300 |
_axv, 427 p. : _bill. ; |
||
| 500 | _aIncludes bibliographical references and index. | ||
| 504 | _aIncludes bibliographical references and index. | ||
| 650 | 0 |
_aMusic _xPsychological aspects. |
|
| 700 | 1 |
_aDelig̈e, Irn̈e. _eeditor |
|
| 700 | 1 |
_aDavidson, Jane W. _eeditor |
|
| 700 | 1 |
_aSloboda, John A. _eeditor |
|
| 856 | 4 | 2 |
_3Contributor biographical information _uhttp://www.loc.gov/catdir/enhancements/fy1110/2011920659-b.html |
| 856 | 4 | 2 |
_3Publisher description _uhttp://www.loc.gov/catdir/enhancements/fy1110/2011920659-d.html |
| 856 | 4 | 1 |
_3Table of contents only _uhttp://www.loc.gov/catdir/enhancements/fy1110/2011920659-t.html |
| 942 |
_2lcc _cBK _h3830 _i MUS _kML |
||